000
00208nam a2200097Ia 4500
008
220204s9999 xx 000 0 und d
082
_b
FAO
245
0
_a
Coffee
490
_a
Better farming series
942
_c
BK
999
_c
41000
_d
41000